• 首页
  • 本馆介绍
  • 公告通知
  • 最新文献
  • 馆藏检索
  • 电子资源
  • 读者导购
  • 参考咨询
  • 我的图书馆
  • 登录
  • 详细信息显示
  • 放入我的书架
  • 预约/预借图书
  • 作者相关作品
  • 分类相关作品
  • 丛书相关作品
  • 出版社相关作品

书目信息

  • 表格格式
  • 工作单格式
  • 卡片格式
题名:
电力电子变换器分岔和混沌
    
 
作者: 张波 , 谢帆 著
分册:  
出版信息: 北京   科学出版社  2018
页数: 202页
开本: 24cm
丛书名:
单 册:
中图分类: TN624
科图分类:
主题词: 变换器--bian huan qi--研究
电子资源:
ISBN: 978-7-03-059539-3
000 01059nam0 2200265 450
001 012001001644
005 20140108154416.0
010    @a978-7-03-059539-3@dCNY98.00
099    @aCAL 012019004673
100    @a20190110d2018 em y0chiy50 ea
101 0  @achi
102    @aCN@b110000
105    @aak a 000yy
106    @ar
200 1  @a电力电子变换器分岔和混沌@Adian li dian zi bian huan qi fen cha he hun dun@f张波, 谢帆著
210    @a北京@c科学出版社@d2018
215    @a202页@c图@d24cm
320    @a有书目
330    @a本书是关于电力电子变换器分岔和混沌现象等非线性动力学行为研究的一部专著,是作者及其课题组在这一研究领域近20年来的工作总结。书中系统地阐述了电力电子变换器分岔和混沌现象的成因及分析方法,对Buck、Boost、Flyback、Cuk和单相DC-AC等各种基本变换器的复杂分岔和混沌行为进行了分析,并介绍了分岔和混沌现象在电力电子变换器中的各种应用。
606 0  @a变换器@Abian huan qi@x研究
690    @aTN624@v5
701  0 @a张波@Azhang bo@4著
701  0 @a谢帆@Axie fan@4著
801  0 @aCN@b北京卓展@c20191020
905    @b1202318-21@dTN624@e91@f4
    
    电力电子变换器分岔和混沌/张波, 谢帆著.-北京:科学出版社,2018
    202页:图;24cm
    
    
    ISBN 978-7-03-059539-3:CNY98.00
    本书是关于电力电子变换器分岔和混沌现象等非线性动力学行为研究的一部专著,是作者及其课题组在这一研究领域近20年来的工作总结。书中系统地阐述了电力电子变换器分岔和混沌现象的成因及分析方法,对Buck、Boost、Flyback、Cuk和单相DC-AC等各种基本变换器的复杂分岔和混沌行为进行了分析,并介绍了分岔和混沌现象在电力电子变换器中的各种应用。
●
相关链接 在E读中查询图书 在五车中查询图书 在当当中查询图书 在豆瓣中查询图书


正题名:电力电子变换器分岔和混沌     索取号:TN624/91         预约/预借

序号 登录号 条形码 馆藏地/架位号 状态 备注
1 1202318   212023184   第二样本阅览室/ [索取号:TN624/91] 在馆    
2 1202319   212023193   第三借阅区/ [索取号:TN624/91] 在馆    
3 1202320   212023200   第三借阅区/ [索取号:TN624/91] 在馆    
4 1202321   212023219   第三借阅区/ [索取号:TN624/91] 在馆    
唐山师范学院图书馆 欢迎您!
大连网信软件有限公司© 版权所有